| 000 | 00892cam a2200277 a 4500 | ||
|---|---|---|---|
| 001 | 11911041 | ||
| 003 | ARRUPE | ||
| 005 | 20211102112316.0 | ||
| 008 | 000211s2000 gw b 000 0 ger | ||
| 010 | _a 00338878 | ||
| 020 | _a3451270153 (chlorfrei) | ||
| 040 |
_aDLC _cDLC |
||
| 050 | 0 | 0 |
_aBT902 _b.K34 2000 |
| 100 | 2 |
_aKehl, Medard. _950918 |
|
| 245 | 1 | 0 |
_aUnd was kommt nach dem Ende? : _bvon Weltuntergang und Vollendung, Wiedergeburt, und Auferstehung / _cMedard Kehl. |
| 250 | _a2. Aufl. | ||
| 260 |
_aFreiburg : _bHerder, _c2000. |
||
| 300 |
_a173 p. ; _c22 cm. |
||
| 504 | _aIncludes bibliographical references (p. 167-173). | ||
| 650 | 0 |
_aFuture life. _92875 |
|
| 650 | 0 |
_aReincarnation. _950919 |
|
| 650 | 0 |
_aResurrection. _929382 |
|
| 906 |
_a7 _bcbc _corigres _d3 _encip _f20 _gy-gencatlg |
||
| 942 |
_2lcc _cMONOGRAPH |
||
| 999 |
_c131081 _d131081 |
||